Mercados verdes : (Registro nro. 4123)

Detalles MARC
000 -CABECERA
Campo de control 00991nam a2200277 a 4500
005 - FECHA Y HORA DE LA ULTIMA TRANSACCION
Campo de control 20160726125612.0
008 - ELEMENTOS DE LONGITUD FIJA—INFORMACION GENERAL
Campo de control 140314b2003 cl d||||r|||| 00| 0 spa d
020 ## - ISBN
ISBN 9567065209
040 ## - FUENTE DE CATALOGACIÓN
Agencia catalogadora original CO-BoIAVH
Agencia transcriptora CO-BoIAVH
041 0# - IDIOMA
Código de idioma para texto/pista de sonido o título separado Español
044 ## - PAÍS DE PUBLICACIÓN
País de publicación Chile
082 04 - NUMERO DE CLASIFICACION DECIMAL DEWEY
Número de clasificación 338.17
Número del ítem B64m
100 1# - ASIENTO PRINCIPAL--NOMBRE PERSONAL
Nombre personal Borregaard, Nicola
Término relacionado autor
9 (RLIN) 20780
245 10 - MENCION DE TITULO
Título Mercados verdes :
Parte restante del título oportunidades prometedoras y desafiantes /
Mención de responsabilidad Nicolas Borregaard [y otrs 3]
260 ## - PUBLICACION, DISTRIBUCION, ETC. (PIE DE IMPRENTA)
Lugar de publicación, distribución, etc. Santiago de Chile, Chile :
Nombre del editor, distribuidor, etc. CIPMA :
-- RIDES,
Fecha de publicación, distribución, etc. 2003.
300 ## - DESCRIPCION FISICA
Extensión 191 páginas :
Otros detalles físicos tablas y gráficas ;
Dimensiones 22 x 15 cm.
504 ## - NOTA DE BIBLIOGRAFIA, ETC.
Nota de bibliografía Incluye referencias bibliográficas.
650 26 - ASIENTO SECUNDARIO DE MATERIA - TERMINO TEMATICO
Término temático o nombre geográfico como elemento de entrada Agricultura orgánica
Subdivisión geográfica Chile
9 (RLIN) 73317
650 24 - ASIENTO SECUNDARIO DE MATERIA - TERMINO TEMATICO
Término temático o nombre geográfico como elemento de entrada Mercados verdes
Subdivisión geográfica Chile
9 (RLIN) 73318
650 26 - ASIENTO SECUNDARIO DE MATERIA - TERMINO TEMATICO
Término temático o nombre geográfico como elemento de entrada Desarrollo sostenible
Subdivisión geográfica Chile
9 (RLIN) 73319
650 26 - ASIENTO SECUNDARIO DE MATERIA - TERMINO TEMATICO
Término temático o nombre geográfico como elemento de entrada Ordenación forestal
Subdivisión geográfica Chile
9 (RLIN) 73320
700 1# - ASIENTO SECUNDARIO - NOMBRE PERSONAL
Nombre personal Dufey, Annie
Término de relación autora
9 (RLIN) 20784
700 1# - ASIENTO SECUNDARIO - NOMBRE PERSONAL
Nombre personal Geisse, Guillermo
Término de relación autor
9 (RLIN) 21504
700 1# - ASIENTO SECUNDARIO - NOMBRE PERSONAL
Nombre personal Ladrón de Guevara, Juan
Término de relación autor
9 (RLIN) 21505
942 ## - ELEMENTOS ADICIONALES (KOHA)
Tipo de ítem Libro
Sistema de clasificación Dewey Decimal Classification
Existencias
Withdrawn status Lost status Sistema de Clasificación Damaged status No para préstamo Colección Inventariado Ubicación Permanente Ubicación actual Fecha de adquisición Fuente de Valor Valor Total Checkouts Número topográfico Inventario / Código de Barras Date last seen Ejemplar Price effective from Forma de adquisición Tipo de material
    Dewey Decimal Classification     General Inventariado 2017 Sala Fabio Quevedo Sala Fabio Quevedo 24/08/2004 Instituto 15000.00   LB-338.17 B64m 016581 04/12/2012 Ej. 1 04/12/2012 Donación Libro